000
00238nam a2200121Ia 4500
100
_a
#N/A
942
_c
BK
245
_a
THE X team - JavaEE P ROJECT Using EJB 3
260
_b
#N/A
082
_b
21549
546
_a
ENGLISH
999
_c
18862
_d
18862